[Event "Desafio"]
[Site "http://www.queenalice.com/game.php?id=482041"]
[Date "2008.10.24"]
[Round "-"]
[White "Hebert29"]
[Black "fernandocqr"]
[Result "0-1"]
[WhiteElo "1507"]
[BlackElo "1488"]

1. e3 e6 2. g3 Nc6 3. Bh3 b6 4. Qf3 Nf6 5. b3 Rb8 6. Ba3 Ne5 7. Qe2 a5 8. Qb5
Bd6 9. Bg2 Qe7 10. Bb2 Bb7 11. Bxb7 Rxb7 12. Bxe5 c6 13. Qa6 Bxe5 14. Qxb7 b5
15. c3 g6 16. Qa8+ Qd8 17. Qa6 O-O 18. Nf3 Bc7 19. c4 Qb8 20. a4 Ne4 21. cxb5
Nc5 22. b6 Nxa6 23. bxc7 Qxc7 24. O-O Qb6 25. Rc1 Qxb3 26. Rc3 Qd1+ 27. Kg2 Rb8
28. Rc1 Qxc1 29. Ne5 Qb2 30. Nxd7 Qxa1 31. Nf6+ Kh8 32. Nc3 Rb2 33. Nce4 Rb1 34.
Ng5 Rg1+ 35. Kf3 Qe5 36. Nxf7+ Kg7 37. Nxe5 Kxf6 38. Nxc6 Nc5 39. Nxa5 Nxa4 40.
d4 h5 41. Nc6 g5 42. h3 h4 43. gxh4 gxh4 44. e4 Rh1 45. Kg2 Re1 46. e5+ Kf5 47.
Kf3 Re4 48. Ne7+ Kg5 49. Kxe4 Nc3+ 50. Ke3 Nd1+ 51. Ke2 Nc3+ 52. Kd2 Ne4+ 53.
Ke3 Nc3 54. f3 Nd1+ 55. Ke4 Nf2+ 56. Ke3 Nxh3 57. Ng8 Nf4 58. Nf6 Nd5+ 59. Ke4
Nxf6+ 60. exf6 Kxf6 61. d5 exd5+ 62. Kxd5 Kf5 63. Kd4 Kf4 64. Kd5 Kxf3 65. Ke5
h3 66. Kd5 h2 67. Ke5 h1=Q 0-1

[Event "Challenge"]
[Site "http://www.queenalice.com/game.php?id=485759"]
[Date "2008.10.31"]
[Round "-"]
[White "ASB_enxadrista"]
[Black "Hebert29"]
[Result "1-0"]
[WhiteElo "1485"]
[BlackElo "1465"]

1. e4 e5 2. Nf3 Bd6 3. Bc4 Qe7 4. O-O Qf6 5. Nc3 g5 6. d4 exd4 7. Nd5 Qh6 8. e5
g4 9. Bxh6 Nxh6 10. exd6 Rg8 11. Qe2+ Kf8 12. Qe7+ Kg7 13. Qf6+ Kf8 14. Qxh6+
1-0

[Event "Play Game!!!"]
[Site "http://www.queenalice.com/game.php?id=485813"]
[Date "2008.10.31"]
[Round "-"]
[White "Hebert29"]
[Black "Patt"]
[Result "1-0"]
[WhiteElo "1497"]
[BlackElo "1409"]

1. e3 e5 2. d4 Bb4+ 3. Nc3 Bxc3+ 4. bxc3 d6 5. g3 Bf5 6. Bh3 Bxh3 7. Nxh3 Nf6 8.
Rb1 Nc6 9. O-O Ng4 10. Qxg4 O-O 11. Ng5 Qf6 12. e4 Rae8 13. Rxb7 h6 14. Rxc7 Na5
15. Rxa7 hxg5 16. Bxg5 Qg6 17. Qd7 Rd8 18. Bxd8 Nc4 19. Rb1 Kh7 20. Rb8 Nd2 21.
Bc7 Nxe4 22. Rxf8 Kh6 23. dxe5 dxe5 24. Bxe5 f6 25. Bf4+ Kh5 26. Rh8+ Qh6 27.
Qf5+ Ng5 28. Bxg5 fxg5 29. Qf7+ Kg4 30. Rxh6 gxh6 31. Ra4+ Kh3 32. Qh5# 1-0

[Event "Vamo la!"]
[Site "http://www.queenalice.com/game.php?id=485815"]
[Date "2008.10.31"]
[Round "-"]
[White "ASB_enxadrista"]
[Black "Hebert29"]
[Result "0-1"]
[WhiteElo "1392"]
[BlackElo "1495"]

1. e4 d5 2. exd5 Qxd5 3. Nc3 Qe5+ 4. Be2 Nc6 5. Nf3 Qf6 6. O-O Bg4 7. Ne4 Qg6 8.
d3 Bxf3 9. Bxf3 O-O-O 10. Bh5 Qe6 11. Ng5 Qe5 12. Nxf7 Qf5 13. Bg4 Qd7 14. Bxd7+
Rxd7 15. Qg4 Nf6 16. Qc4 Rd4 17. Qe6+ Kb8 18. Nxh8 b6 19. Qxc6 Rg4 20. Nf7 Nh5
0-1

[Event "Volta..."]
[Site "http://www.queenalice.com/game.php?id=495769"]
[Date "2008.11.20"]
[Round "-"]
[White "carlao2005"]
[Black "Hebert29"]
[Result "1-0"]
[WhiteElo "1887"]
[BlackElo "1479"]

1. d4 e6 2. e4 b6 3. Nf3 Ba6 4. Bxa6 Nxa6 5. O-O g6 6. Nc3 Nf6 7. e5 Nd5 8. Nxd5
exd5 9. Bg5 Be7 10. Bxe7 Qxe7 11. Qd3 Nb4 12. Qc3 c5 13. dxc5 Qxc5 14. e6 fxe6
15. Qxh8+ Qf8 16. Qxf8+ Kxf8 17. c3 Nd3 18. b4 Rc8 19. Ng5 Rxc3 20. Nxh7+ Kg7
21. Ng5 1-0

[Event "Revanche !?"]
[Site "http://www.queenalice.com/game.php?id=496166"]
[Date "2008.11.21"]
[Round "-"]
[White "fernandocqr"]
[Black "Hebert29"]
[Result "1-0"]
[WhiteElo "1510"]
[BlackElo "1507"]

1. e4 g6 2. d4 Bg7 3. Nf3 Nf6 4. Nc3 O-O 5. Bc4 c6 6. b3 d5 7. exd5 cxd5 8. Bb5
Qd6 9. O-O Ng4 10. Re1 Nc6 11. g3 Qb4 12. Qd2 Bxd4 13. Nxd4 Nxd4 14. Nxd5 Nf3+
15. Kg2 Nxe1+ 16. Kh1 Qxb5 17. Nxe7+ Kg7 18. Bb2+ f6 19. Qxe1 Bd7 20. c4 Bc6+
21. Kg1 Qe5 22. Bxe5 fxe5 23. h3 Rae8 24. Nxc6 bxc6 25. hxg4 Rf3 26. Qe2 Ref8
27. Qxe5+ R8f6 28. Qe7+ Rf7 29. Qe5+ Kh6 30. g5+ Kh5 31. Rf1 Kg4 32. Qe6+ R7f5
33. Qxc6 Rxg5 34. Qd7+ Rgf5 35. Qxh7 1-0

[Event "AUTO-INT-1127"]
[Site "http://www.queenalice.com/game.php?id=504121"]
[Date "2008.12.6"]
[Round "1"]
[White "Hebert29"]
[Black "Attia"]
[Result "0-1"]
[WhiteElo "1491"]
[BlackElo "1600"]

1. g3 e5 2. Bg2 Nf6 3. Nf3 Nc6 4. Nc3 Bc5 5. O-O d5 6. a3 e4 7. Ng5 Ng4 8. e3
Qxg5 9. h4 Qh6 10. Nb5 g5 11. Nxc7+ Kf8 12. Nxa8 gxh4 13. Re1 hxg3 14. fxg3 Qh2+
15. Kf1 Qxg3 16. c3 Qf2# 0-1

[Event "AUTO-INT-1127"]
[Site "http://www.queenalice.com/game.php?id=504122"]
[Date "2008.12.6"]
[Round "1"]
[White "Attia"]
[Black "Hebert29"]
[Result "1-0"]
[WhiteElo "1608"]
[BlackElo "1508"]

1. e4 g6 2. Nc3 Nc6 3. Nf3 Nf6 4. Bc4 e6 5. d3 Bg7 6. Bg5 O-O 7. e5 h6 8. Bxf6
Bxf6 9. exf6 Qxf6 10. O-O e5 11. Re1 Re8 12. Nd5 Qd6 13. b3 Re6 14. Nh4 1-0

[Event "AUTO-INT-1127"]
[Site "http://www.queenalice.com/game.php?id=504123"]
[Date "2008.12.6"]
[Round "1"]
[White "Hebert29"]
[Black "GMLuizFernandes"]
[Result "0-1"]
[WhiteElo "1487"]
[BlackElo "1690"]

1. g3 d5 2. Bg2 Nf6 3. d4 e6 4. b3 c5 5. Nf3 Qa5+ 6. Bd2 Qc7 7. a4 Bd7 8. Bf4
Bd6 9. Qd3 Bxf4 10. gxf4 Qxf4 0-1

[Event "AUTO-INT-1127"]
[Site "http://www.queenalice.com/game.php?id=504124"]
[Date "2008.12.6"]
[Round "1"]
[White "GMLuizFernandes"]
[Black "Hebert29"]
[Result "1-0"]
[WhiteElo "1681"]
[BlackElo "1496"]

1. e4 g6 2. d4 e6 3. Nc3 Nc6 4. Nf3 Nf6 5. Bg5 Bg7 6. e5 d6 7. exf6 Bxf6 8. Bxf6
Qxf6 9. Be2 e5 10. Nd5 Qd8 11. dxe5 dxe5 12. Bb5 a6 13. Bxc6+ 1-0